Etický kodex v retailu

Etika v českom podnikateľskom prostredí. Etické problémy v retaile.

Salvato in:
Dettagli Bibliografici
Autore principale: Jaderná, Eva
Altri autori: Beránek, Martina
Natura: Capitolo di libro
Lingua:ceco
Soggetti:
Tags: Aggiungi Tag
Nessun Tag, puoi essere il primo ad aggiungerne!!

MARC

LEADER 00000naa a2200000 4500
001 0237920
005 20220722103735.6
041 0 |a cze 
044 |a SK 
245 1 0 |a Etický kodex v retailu  |c Eva Jaderná, Martina Beránek 
520 |a Etika v českom podnikateľskom prostredí. Etické problémy v retaile. 
610 2 0 |a kódexy etické 
610 2 0 |a prostredie podnikateľské 
610 2 0 |a Česko 
610 2 0 |a retailing 
100 1 |a Jaderná, Eva 
700 1 |a Beránek, Martina